000 00530nam a2200181Ia 4500
003 GCL
008 140319s9999 xx 000 0 ara d
040 _aGCL /
_cGCL
082 0 4 _a920.71
_bم ع
100 1 _aمحمد المجذوب
245 1 0 _aعلماء ومفكرون عرفتهم /
_cمحمد المجذوب
300 _aمتعدد
490 _aالهيئة العامة للاستعلامات
_v0
650 0 4 _aالعلماء
650 0 4 _aالرجال - تراجم
650 0 4 _aالمفكرون
942 _2ddc
_cBK
999 _c49034
_d49034